| 000 | 00327nam a2200133Ia 4500 | ||
|---|---|---|---|
| 008 | 230413s9999||||xx |||||||||||||| ||und|| | ||
| 020 | _a9780143102786 | ||
| 082 |
_a813.54 _bD4415 |
||
| 100 | _aDesai, Kiran | ||
| 245 | 4 | _aThe inheritance of loss | |
| 260 |
_aNew Delhi _bPenguin Books _c2006 |
||
| 300 | _a324 p. | ||
| 942 | _cBK | ||
| 999 |
_c26481 _d26481 |
||